MARC

LEADER 00000nas a2200000 a 4500
001 ssj0016325
003 WaSeSS
005 20200512172242.0
006 m d
007 cr n
008 030122c19839999enkfr pss 0 0eng c
010 |a  2008233981 
016 7 |a 2087763-8  |2 DE-600 
022 |a 1471-6437  |l 0265-0525  |y 0265-0525 
035 |a (WaSeSS)ssj0016325 
037 |b Cambridge University Press, The Edinburgh Building, Shaftesbury Road, Cambridge CB2 2RU, United Kingdom 
040 |a F#A  |b eng  |c F#A  |d OCLCQ  |d TXH  |d MUQ  |d OCLCQ  |d GUA  |d CIT  |d OCLCQ  |d OCLCF  |d OCLCO  |d OCLCQ  |d AU@  |d WaSeSS 
042 |a pcc 
050 1 4 |a H61 
082 0 4 |a 361.61 
245 0 0 |a Social philosophy & policy  |h [electronic resource]. 
246 3 |a Social philosophy and policy 
260 |a [Cambridge, England] :  |b Cambridge University Press 
310 |a Semiannual 
362 1 |a Print began with vol. 1, issue 1 (autumn 1983). 
506 |a License restrictions may limit access. 
538 |a Mode of access: World Wide Web. 
588 |a Description based on: Vol. 19, no. 1 (Jan. 2002); title from pdf of table of contents (Cambridge Journals, viewed May 22, 2008). 
588 |a Latest issue consulted: Vol. 25, no. 1 (Jan. 2008) (Cambridge Journals, viewed May 22, 2008). 
650 0 |a Social sciences  |x Philosophy  |v Periodicals. 
650 0 |a Social policy  |v Periodicals. 
650 6 |a Sciences sociales  |x Philosophie  |v Périodiques. 
650 6 |a Politique sociale  |v Périodiques. 
650 7 |a Social policy.  |2 fast  |0 (OCoLC)fst01122738 
650 7 |a Social sciences  |x Philosophy.  |2 fast  |0 (OCoLC)fst01122940 
655 0 |a Electronic journals. 
710 2 |a Cambridge University Press. 
776 0 8 |i Print version:  |t Social philosophy & policy  |x 0265-0525  |w (DLC) 85653751  |w (OCoLC)10500490 
856 4 0 |z Full text available from Research Library: 01/01/2002 to 1 year ago  |u https://search.proquest.com/publication/36104